[Event "Santa Eugenia op 8th"]
[Site "Girona"]
[Date "2013.08.??"]
[Round "5.6"]
[White "Cano Egea, Joan Manuel"]
[Black "Saurina Suner, Francesc Xavier"]
[Result "0-1"]
[WhiteElo "1574"]
[BlackElo "1871"]
[PlyCount "42"]
[EventDate "2013.08.19"]
[EventType "swiss"]
[EventRounds "9"]
[EventCountry "ESP"]
[SourceTitle "EXT 2024"]
[Source "ChessBase"]
[SourceDate "2023.10.10"]
[SourceVersion "1"]
[SourceVersionDate "2023.10.10"]
[SourceQuality "1"]

1. e4 d5 2. exd5 Qxd5 3. Nc3 Qa5 4. d4 e5 5. dxe5 Nc6 6. Nf3 Bb4 7. Bd2 Bg4 8. a3 Nd4 9. axb4 Qxa1 10. Qxa1 Nxc2+ 11. Kd1 Nxa1 12. Bc4 Be6 13. Bxe6 fxe6 14. Nd4 0-0-0 15. Be3 Nb3 16. Nce2 Nxd4 17. Nxd4 Nh6 18. Ke2 Rhe8 19. Rc1 Rd7 20. f4 Kb8 21. Nb3 Nf5 0-1

[Event "Santa Eugenia op 8th"]
[Site "Girona"]
[Date "2013.08.??"]
[Round "2.5"]
[White "Molina Carretero, Daniel"]
[Black "Cano Egea, Joan Manuel"]
[Result "1-0"]
[WhiteElo "1845"]
[BlackElo "1574"]
[PlyCount "31"]
[EventDate "2013.08.19"]
[EventType "swiss"]
[EventRounds "9"]
[EventCountry "ESP"]
[SourceTitle "EXT 2024"]
[Source "ChessBase"]
[SourceDate "2023.10.10"]
[SourceVersion "1"]
[SourceVersionDate "2023.10.10"]
[SourceQuality "1"]

1. d4 d5 2. c4 e6 3. Nc3 Nf6 4. cxd5 exd5 5. Bg5 Be7 6. e3 0-0 7. Qc2 a6 8. Bd3 Nbd7 9. Nge2 c6 10. 0-0 h6 11. Bh4 Re8 12. f3 Nf8 13. Rad1 c5 14. dxc5 Bxc5 15. Nxd5 Qa5 16. Bxf6 1-0

[Event "Girona-ch"]
[Site "Girona"]
[Date "2012.02.17"]
[Round "6"]
[White "Garcia Castany, Jose"]
[Black "Cano Egea, Joan Manuel"]
[Result "1-0"]
[WhiteElo "1495"]
[BlackElo "1552"]
[PlyCount "48"]
[EventDate "2012.01.13"]
[EventType "swiss"]
[EventRounds "9"]
[EventCountry "ESP"]
[SourceTitle "EXT 2013"]
[Source "ChessBase"]
[SourceDate "2012.11.22"]
[SourceVersion "1"]
[SourceVersionDate "2012.11.22"]
[SourceQuality "1"]

1. d4 d5 2. c4 e6 3. Nc3 Nf6 4. Bg5 Be7 5. Qc2 0-0 6. e3 b6 7. Nf3 Bb7 8. cxd5 Nxd5 9. Bxe7 Nxe7 10. Bd3 h6 11. Qe2 Nd7 12. Rb1 c5 13. 0-0 cxd4 14. Nxd4 Nc5 15. Bc2 Nd5 16. Rfd1 Qg5 17. Nf3 Qf6 18. Nxd5 Bxd5 19. a3 Rac8 20. e4 Bc6 21. b4 Nd7 22. b5 Bxb5 23. Rxb5 Nc5 24. e5 Qe7 1-0

[Event "Girona-ch"]
[Site "Girona"]
[Date "2012.02.10"]
[Round "5"]
[White "Cano Egea, Joan Manuel"]
[Black "Gala Martinez, Victor"]
[Result "1/2-1/2"]
[WhiteElo "1552"]
[BlackElo "1421"]
[PlyCount "100"]
[EventDate "2012.01.13"]
[EventType "swiss"]
[EventRounds "9"]
[EventCountry "ESP"]
[SourceTitle "EXT 2013"]
[Source "ChessBase"]
[SourceDate "2012.11.22"]
[SourceVersion "1"]
[SourceVersionDate "2012.11.22"]
[SourceQuality "1"]

1. e4 c6 2. d4 d5 3. exd5 cxd5 4. Bd3 Nf6 5. Nf3 Bg4 6. 0-0 Nc6 7. c3 e6 8. Bg5 Be7 9. Nbd2 h6 10. Bf4 Bd6 11. Bxd6 Qxd6 12. Qc2 Bxf3 13. Nxf3 0-0 14. Rfe1 Rac8 15. Qe2 Nd7 16. Bc2 Rfe8 17. Qd3 Nf6 18. Ne5 Qe7 19. f4 g6 20. Qg3 Nh5 21. Nxg6 Nxg3 22. Nxe7+ Rxe7 23. hxg3 Nxd4 24. Bd3 Nc6 25. Rac1 Rce8 26. Kf2 Kg7 27. Re2 e5 28. fxe5 Rxe5 29. Rce1 Rxe2+ 30. Rxe2 Rxe2+ 31. Kxe2 Kf6 32. Ke3 Ke5 33. a4 f5 34. b4 a6 35. Be2 d4+ 36. cxd4+ Nxd4 37. Bd1 b5 38. axb5 axb5 39. Kd3 Nc6 40. Kc3 f4 41. gxf4+ Kxf4 42. Be2 Na7 43. Kd4 Kg3 44. Bf3 Kf4 45. Kc5 Kg3 46. Kb6 Nc8+ 47. Kxb5 h5 48. Kc6 h4 49. b5 Na7+ 50. Kb6 Nxb5 1/2-1/2

[Event "Girona-ch"]
[Site "Girona"]
[Date "2012.01.20"]
[Round "2"]
[White "Volkov, Vladimir"]
[Black "Cano Egea, Joan Manuel"]
[Result "1/2-1/2"]
[WhiteElo "1773"]
[BlackElo "1552"]
[PlyCount "51"]
[EventDate "2012.01.13"]
[EventType "swiss"]
[EventRounds "9"]
[EventCountry "ESP"]
[SourceTitle "EXT 2013"]
[Source "ChessBase"]
[SourceDate "2012.11.22"]
[SourceVersion "1"]
[SourceVersionDate "2012.11.22"]
[SourceQuality "1"]

1. d4 d5 2. c4 e6 3. Nc3 Nf6 4. Nf3 Be7 5. Bf4 0-0 6. e3 b6 7. cxd5 Nxd5 8. Nxd5 exd5 9. Rc1 c5 10. dxc5 bxc5 11. Be2 Be6 12. 0-0 Nd7 13. Ne5 Nxe5 14. Bxe5 Bd6 15. Bxd6 Qxd6 16. Bf3 Rfd8 17. Qd2 Rac8 18. Rfd1 d4 19. b3 Qb6 20. exd4 Rxd4 21. Qe3 Rxd1+ 22. Rxd1 g6 23. h4 c4 24. Qxb6 axb6 25. Rc1 cxb3 26. Rxc8+ 1/2-1/2

[Event "Olot Volcans op 2nd"]
[Site "Olot"]
[Date "2011.05.07"]
[Round "8"]
[White "Cano Egea, Joan Manuel"]
[Black "Vegara Gallego, Pere"]
[Result "0-1"]
[WhiteElo "1453"]
[BlackElo "1798"]
[PlyCount "43"]
[EventDate "2011.04.09"]
[EventType "swiss"]
[EventRounds "8"]
[EventCountry "ESP"]
[SourceTitle "CBM 142 Extra"]
[Source "ChessBase"]
[SourceDate "2011.06.27"]
[SourceVersion "1"]
[SourceVersionDate "2011.06.27"]
[SourceQuality "1"]

1. e4 e5 2. Nf3 d5 3. exd5 e4 4. Qe2 Nf6 5. Nc3 Be7 6. Nxe4 0-0 7. d3 Re8 8. Nxf6+ Bxf6 9. Be3 Bxb2 10. Rb1 Bc3+ 11. Nd2 Qxd5 12. Rb3 Qa5 13. Qd1 Nc6 14. Be2 Nd4 15. Bxd4 Bxd4 16. 0-0 Qxa2 17. Bf3 c6 18. Ne4 Bb6 19. Nd6 Re7 20. Nxc8 Rxc8 21. Qd2 Qa5 22. Be4 0-1

[Event "Olot Volcans op 2nd"]
[Site "Olot"]
[Date "2011.04.09"]
[Round "2"]
[White "Cano Egea, Joan Manuel"]
[Black "Saurina Suner, Francesc Xavier"]
[Result "0-1"]
[WhiteElo "1440"]
[BlackElo "1873"]
[PlyCount "96"]
[EventDate "2011.04.09"]
[EventType "swiss"]
[EventRounds "8"]
[EventCountry "ESP"]
[SourceTitle "CBM 142 Extra"]
[Source "ChessBase"]
[SourceDate "2011.06.27"]
[SourceVersion "1"]
[SourceVersionDate "2011.06.27"]
[SourceQuality "1"]

1. e4 e5 2. Nf3 Nc6 3. Bb5 f5 4. Bxc6 dxc6 5. exf5 e4 6. Qe2 Bxf5 7. d3 Qe7 8. dxe4 Qxe4 9. Qxe4+ Bxe4 10. c3 Bxf3 11. gxf3 0-0-0 12. Be3 Nf6 13. Nd2 Nd5 14. 0-0-0 g6 15. Ne4 Bg7 16. Ng5 Rde8 17. Ne4 Rhf8 18. Nd2 Nxe3 19. fxe3 Rxe3 20. Rhe1 Rfe8 21. Ne4 Rxe1 22. Rxe1 Rf8 23. Ng5 Bh6 24. h4 Bxg5+ 25. hxg5 Rxf3 26. Rh1 Rg3 27. Rxh7 Rxg5 28. Kc2 Rg3 29. Rg7 b5 30. b4 g5 31. Kb2 g4 32. Kc2 Kb7 33. Kb2 Kb6 34. Rg6 Rg2+ 35. Kb3 Rg1 36. Kb2 g3 37. Rg5 g2 38. Rg6 a5 39. a3 axb4 40. axb4 Kb7 41. Kc2 Kc8 42. Rg5 Kd7 43. Rg6 Ke7 44. Rg5 Ke6 45. Rg7 Kf5 46. Rg8 Ke4 47. Rg5 Ke3 48. Rg6 Ra1 0-1

[Event "Figueres op 11th"]
[Site "Figueres"]
[Date "2010.08.14"]
[Round "4"]
[White "Andres Sebastian, Luis"]
[Black "Cano Egea, Joan Manuel"]
[Result "1-0"]
[WhiteElo "1493"]
[BlackElo "1441"]
[PlyCount "27"]
[EventDate "2010.08.11"]
[EventType "swiss"]
[EventRounds "9"]
[EventCountry "ESP"]
[SourceTitle "CBM 137 Extra"]
[Source "ChessBase"]
[SourceDate "2010.09.01"]
[SourceVersion "1"]
[SourceVersionDate "2010.09.01"]
[SourceQuality "1"]

1. e4 e5 2. Nf3 Nc6 3. Bc4 Nf6 4. Nc3 Bc5 5. h3 0-0 6. d3 h6 7. a3 a6 8. b4 Ba7 9. Bb2 d6 10. Rb1 Be6 11. Nd5 Nxd5 12. exd5 f5 13. dxe6 e4 14. e7+ 1-0

[Event "Figueres op 10th"]
[Site "Figueres"]
[Date "2009.08.05"]
[Round "6"]
[White "Suita Rodriguez, Natalia"]
[Black "Cano Egea, Joan Manuel"]
[Result "1/2-1/2"]
[WhiteElo "1564"]
[BlackElo "1457"]
[PlyCount "70"]
[EventDate "2009.08.01"]
[EventType "swiss"]
[EventRounds "9"]
[EventCountry "ESP"]
[SourceTitle "EXT 2010"]
[Source "ChessBase"]
[SourceDate "2010.11.25"]
[SourceVersion "1"]
[SourceVersionDate "2010.11.25"]
[SourceQuality "1"]

1. d4 d5 2. Nf3 Nf6 3. c4 dxc4 4. e3 e6 5. Bxc4 c5 6. 0-0 cxd4 7. Nxd4 Nbd7 8. Nc3 Be7 9. Bd2 0-0 10. Rc1 Nb6 11. Bb3 Bd7 12. Qe2 a6 13. Rfd1 Rc8 14. Qf3 Rc7 15. e4 Ba4 16. Nxa4 Rxc1 17. Bxc1 Nxa4 18. Bxa4 Qb6 19. Qe2 Rc8 20. Nf3 Qb4 21. Bb3 Nxe4 22. Bd2 Nxd2 23. Qxd2 Qb6 24. Qd7 Qc7 25. Qxc7 Rxc7 26. h3 g6 27. Rd2 Bf6 28. Kf1 Rc1+ 29. Ke2 Rb1 30. Kd3 Rxb2 31. Rxb2 Bxb2 32. Nd2 Ba3 33. Nc4 Bc5 34. a4 Bxf2 35. Nd6 b6 1/2-1/2